000 00532nam a2200217Ia 4500
003 OSt
005 20230403155321.0
008 210423s2008 xx 000 0 und d
020 _a9788122427721
040 _cAL
041 _aeng
082 _a515.8 MALS
_223
100 _aMALIK (S C).
_982736
245 _aPrinciples of real analysis.
250 _a2
260 _aNew Delhi
_bNew Age International
_c2008
300 _axii,375
_bPB
365 _b200
_cINR
906 _aanalysis. ; Principles ; real
942 _2ddc
_cBK
999 _c158614
_d158614